| 000 | 00485nam a22001811a 4500 | ||
|---|---|---|---|
| 001 | 11615 | ||
| 003 | OSt | ||
| 005 | 20260204212249.0 | ||
| 008 | 130123s2005||||ck ||||||b||||||||||spa|| | ||
| 020 | _a9589718167 | ||
| 050 | _a636.086 O8c | ||
| 100 | _aOsorio Díaz, Doris Liliana | ||
| 245 | _aCultivo de pastos y forrajes / Doris Liliana Osorio Díaz | ||
| 264 | _aColombia: Grupo Latino | ||
| 300 | _a112 p | ||
| 650 | _aForrajes - Cultivo 2.Pastos - CultivoÌ | ||
| 942 |
_2ddc _cBK |
||
| 999 |
_c11615 _d11615 |
||